| 000 | 00626nam a2200121Ia 4500 | ||
|---|---|---|---|
| 008 | 220615s9999||||xx |||||||||||||| ||und|| | ||
| 245 | 0 |
_aMobilites of Return _bPacific Perspectives |
|
| 546 | _aEnglish[eng] | ||
| 650 | _atransnationalism||mobilities||pacific||migration||Banaba Island||Fiji||HIV||Palau||Palauan language||Rotuma||Rotumans||Tarawa||Tonga | ||
| 700 | _aTaylor, John||Lee, Helen | ||
| 856 | _uhttps://library.oapen.org/bitstream/20.500.12657/30707/1/643775.pdf||https://library.oapen.org/bitstream/20.500.12657/30707/1/643775.pdf||https://library.oapen.org/bitstream/20.500.12657/30707/1/643775.pdf | ||
| 942 | _cEB | ||
| 999 |
_c12406 _d12406 |
||